| 000 | 00394 a2200157 4500 | ||
|---|---|---|---|
| 005 | 20251229111429.0 | ||
| 008 | 251229b |||||||| |||| 00| 0 eng d | ||
| 020 | _a9780500342824 | ||
| 082 | _a712/AMO | ||
| 100 |
_aAmoroso N _9216100 |
||
| 245 | _aDigital Landscape Architecture Now | ||
| 260 |
_bThames & Hudson _c2012 _aLondon |
||
| 300 |
_a304p _bHB |
||
| 500 | _aLANDSCAPE | ||
| 942 | _cBK | ||
| 999 |
_c369624 _d369624 |
||